| 000 | 01115nam0a22002411 4500 | ||
|---|---|---|---|
| 001 | rc\127934 | ||
| 005 | 20021216142350.4 | ||
| 035 | _a(NLR Aleph) 005383352 | ||
| 090 |
_a7124177 _c7124177 |
||
| 100 | _a20021216d1992 u |0rusy50 ca | ||
| 101 | 0 | _arus | |
| 102 | _aRU | ||
| 105 | _aa ||||||||| | ||
| 200 | 1 |
_aКритерии эффективности авиационных систем кондиционирования воздуха _eУчеб. пособие [для студентов спец. "Мех. оборуд. летат. аппаратов"] _fМ-во науки, высш. шк. и техн. политики Рос. Федерации. Ком. по высш. шк. Моск. авиац. ин-т им. Серго Орджоникидзе |
|
| 210 |
_aМ. _cИзд-во МАИ _d1992 (вып. дан.1993) |
||
| 215 |
_a84 с. _cил. _d20 |
||
| 320 | _aБиблиогр.: с. 82-83 | ||
| 700 | 1 |
_aКаллиопин _bА. К. _f1945- _gАлександр Константинович |
|
| 801 | 0 |
_aRU _bNLR _gpsbo |
|
| 801 | 1 |
_aRU _bELAR _2rusmarc |
|
| 852 |
_aNLR _j93-4/264 |
||
| 942 | _cBOOK | ||
| 980 | _aNB | ||